[Event "Gibraltar Chess Festival 2017 - Masters"]
[Site "Gibraltar ENG"]
[Date "2017.01.24"]
[Round "1.70"]
[White "Compton, Alistair"]
[Black "Santos Ruiz, Miguel"]
[Result "0-1"]
[WhiteElo "2094"]
[BlackElo "2484"]
[PlyCount "96"]
[EventDate "2017.01.24"]
[EventType "swiss"]
[EventRounds "10"]
[EventCountry "ENG"]
[SourceTitle "Ajedrez en Madrid"]
[Source "lmi"]
[SourceDate "2017.01.24"]

1. e4 c5 2. c3 Nf6 3. e5 Nd5 4. d4 cxd4 5. Nf3 Nc6 6. cxd4 d6 7. Nc3 dxe5 8.
dxe5 Nxc3 9. Qxd8+ Nxd8 10. bxc3 Bd7 11. Be3 g6 12. Bd4 Bg7 13. Be2 O-O 14. O-O
Nc6 15. Rab1 b6 16. Rfd1 Bf5 17. Rb2 Rfd8 18. h3 Rac8 19. Ba6 Rc7 20. Rbd2 Bh6
21. Be3 Rxd2 22. Bxd2 Bg7 23. Bf4 Be6 24. Bb5 h6 25. a4 g5 26. Bg3 Rc8 27. Nd4
Nxd4 28. cxd4 Bd5 29. Rd2 Rc1+ 30. Kh2 e6 31. h4 Bf8 32. hxg5 hxg5 33. f3 Bb4
34. Re2 Bc4 35. Bxc4 Rxc4 36. Re4 Be7 37. a5 bxa5 38. Bf2 a4 39. Re2 a3 40. Kg3
Rb4 41. Rc2 a5 42. d5 exd5 43. Rc8+ Kg7 44. Be1 a2 45. Bc3 Rb3 46. Bd4 Rd3 47.
Bb2 Rd2 48. Ba1 Rd1 0-1

[Event "Gibraltar Chess Festival 2017 - Masters"]
[Site "Gibraltar ENG"]
[Date "2017.01.24"]
[Round "1.71"]
[White "Kobo, Ori"]
[Black "Korning, Peter"]
[Result "1-0"]
[WhiteElo "2482"]
[BlackElo "2080"]
[PlyCount "43"]
[EventDate "2017.01.24"]
[EventType "swiss"]
[EventRounds "10"]
[EventCountry "ENG"]
[SourceTitle "Ajedrez en Madrid"]
[Source "lmi"]
[SourceDate "2017.01.24"]

1. d4 d5 2. c4 e6 3. Nc3 c5 4. cxd5 exd5 5. Nf3 Nc6 6. dxc5 d4 7. Na4 Bxc5 8.
Nxc5 Qa5+ 9. Bd2 Qxc5 10. b4 Nxb4 11. Rc1 Qd6 12. e3 dxe3 13. Bc3 exf2+ 14.
Kxf2 Qb6+ 15. Bd4 Qh6 16. Qe1+ Ne7 17. Qxb4 O-O 18. Bc4 Nc6 19. Qc3 Bg4 20. Be3
Qh5 21. Be2 Rae8 22. Bc5 1-0

[Event "Gibraltar Chess Festival 2017 - Masters"]
[Site "Gibraltar ENG"]
[Date "2017.01.24"]
[Round "1.72"]
[White "Lochte, Thomas"]
[Black "Debashis, Das"]
[Result "0-1"]
[WhiteElo "2070"]
[BlackElo "2472"]
[PlyCount "44"]
[EventDate "2017.01.24"]
[EventType "swiss"]
[EventRounds "10"]
[EventCountry "ENG"]
[SourceTitle "Ajedrez en Madrid"]
[Source "lmi"]
[SourceDate "2017.01.24"]

1. e4 c5 2. d4 cxd4 3. c3 Nf6 4. e5 Nd5 5. Qxd4 e6 6. Nf3 Nc6 7. Qe4 f5 8. exf6
Nxf6 9. Qh4 e5 10. Bb5 e4 11. Nd4 Nxd4 12. cxd4 Qa5+ 13. Nc3 Bb4 14. Qg5 Bxc3+
15. bxc3 Qxc3+ 16. Ke2 Qxa1 17. Qe5+ Kd8 18. Bd2 Qxh1 19. Bf4 Qxg2 20. Qc7+ Ke8
21. Bc4 Qg4+ 22. Ke1 Qf5 0-1

[Event "Gibraltar Chess Festival 2017 - Masters"]
[Site "Gibraltar ENG"]
[Date "2017.01.24"]
[Round "1.73"]
[White "Salomon, Johan"]
[Black "Kozarcanin, Sead"]
[Result "1-0"]
[WhiteElo "2470"]
[BlackElo "2069"]
[PlyCount "97"]
[EventDate "2017.01.24"]
[EventType "swiss"]
[EventRounds "10"]
[EventCountry "ENG"]
[SourceTitle "Ajedrez en Madrid"]
[Source "lmi"]
[SourceDate "2017.01.24"]

1. e4 e5 2. Nf3 Nc6 3. Bb5 a6 4. Ba4 d6 5. c3 Bd7 6. O-O g6 7. d4 Bg7 8. Re1
Qe7 9. d5 Nd8 10. c4 b5 11. Bb3 Nb7 12. Bd2 Nf6 13. a4 bxc4 14. Bxc4 Nc5 15.
Nc3 Rb8 16. Rb1 Rb4 17. b3 O-O 18. Qc2 Rfb8 19. Be3 Nfxe4 20. Nxe4 Nxe4 21. Nd2
Nf6 22. Rbc1 a5 23. f3 Ra8 24. Qd3 Ne8 25. Ne4 f5 26. Nc3 Rbb8 27. Bb5 Rd8 28.
Qc4 Qf7 29. Red1 Kh8 30. Bxd7 Qxd7 31. Nb5 Rdc8 32. Rc2 Qf7 33. Na7 Rxa7 34.
Bxa7 c5 35. Bb6 Ra8 36. Qb5 Nf6 37. Bxa5 Kg8 38. Be1 e4 39. Qe2 Nxd5 40. fxe4
fxe4 41. Qxe4 Re8 42. Qf3 Bd4+ 43. Bf2 Nf6 44. Bxd4 cxd4 45. Rf2 Rf8 46. Rxd4
Qe7 47. Rf4 Nd7 48. Rxf8+ Nxf8 49. Qxf8+ 1-0

[Event "Gibraltar Chess Festival 2017 - Masters"]
[Site "Gibraltar ENG"]
[Date "2017.01.24"]
[Round "1.74"]
[White "Kandic, Milan"]
[Black "Riff, Jean-Noel"]
[Result "0-1"]
[WhiteElo "2061"]
[BlackElo "2468"]
[PlyCount "76"]
[EventDate "2017.01.24"]
[EventType "swiss"]
[EventRounds "10"]
[EventCountry "ENG"]
[SourceTitle "Ajedrez en Madrid"]
[Source "lmi"]
[SourceDate "2017.01.24"]

1. e4 c5 2. Nf3 d6 3. d4 cxd4 4. Nxd4 Nf6 5. Nc3 e6 6. Be2 Be7 7. Be3 O-O 8.
O-O Nc6 9. f4 Bd7 10. Qe1 Nxd4 11. Bxd4 Bc6 12. Qg3 g6 13. Bd3 Nh5 14. Qe3 Nxf4
15. Qxf4 e5 16. Qf2 exd4 17. Qxd4 Qa5 18. Nd5 Bxd5 19. exd5 Rae8 20. Kh1 f5 21.
a3 Bf6 22. Qb4 Qc7 23. Rae1 Be5 24. g3 Qg7 25. Kg2 Re7 26. Re2 Ref7 27. b3 f4
28. Ref2 Qh6 29. Rf3 fxg3 30. hxg3 Rxf3 31. Rxf3 Rxf3 32. Kxf3 Qh1+ 33. Ke3
Qg1+ 34. Kd2 Qf2+ 35. Be2 Qxg3 36. Qc4 Bf4+ 37. Kd1 Qe3 38. Ke1 Kg7 0-1

[Event "Gibraltar Chess Festival 2017 - Masters"]
[Site "Gibraltar ENG"]
[Date "2017.01.24"]
[Round "1.76"]
[White "Hewson, Brian Wr"]
[Black "Paehtz, Elisabeth"]
[Result "0-1"]
[WhiteElo "2055"]
[BlackElo "2468"]
[PlyCount "98"]
[EventDate "2017.01.24"]
[EventType "swiss"]
[EventRounds "10"]
[EventCountry "ENG"]
[SourceTitle "Ajedrez en Madrid"]
[Source "lmi"]
[SourceDate "2017.01.24"]

1. d4 g6 2. e4 Bg7 3. c3 d6 4. Nf3 Nf6 5. Bd3 Nc6 6. h3 O-O 7. Be3 e5 8. Nbd2
Bd7 9. O-O Nh5 10. dxe5 dxe5 11. Nb3 b6 12. Bc4 Qe7 13. Bg5 Bf6 14. Qc1 Nd8 15.
Bxf6 Nxf6 16. Qg5 Re8 17. Rfe1 a5 18. Rad1 a4 19. Nc1 Ra5 20. a3 Nb7 21. Qd2
Nd6 22. Ba2 Bc6 23. Ng5 Kg7 24. Nd3 h6 25. Nb4 Bb7 26. Nf3 Nfxe4 27. Qe2 Nf6
28. Nd4 Qd7 29. Ndc2 Nh5 30. Nd5 Qd8 31. Qd2 Bxd5 32. Bxd5 Nf4 33. Bc6 Re6 34.
Nb4 Qg5 35. Qe3 Nc4 36. Qg3 Rd6 37. Qxg5 hxg5 38. Rxd6 cxd6 39. Rd1 Nxb2 40.
Rxd6 Nc4 41. Rd1 Nxa3 42. Ra1 Nc4 43. Rxa4 Ne2+ 44. Kf1 Nxc3 45. Rxa5 bxa5 46.
Nd5 Nxd5 47. Bxd5 Nd6 48. Bc6 Kf6 49. Ke2 e4 0-1

[Event "Gibraltar Chess Festival 2017 - Masters"]
[Site "Gibraltar ENG"]
[Date "2017.01.24"]
[Round "1.77"]
[White "Almagro Llamas, Pablo"]
[Black "Dasaolu, Rotimi"]
[Result "1-0"]
[WhiteElo "2466"]
[BlackElo "2051"]
[PlyCount "67"]
[EventDate "2017.01.24"]
[EventType "swiss"]
[EventRounds "10"]
[EventCountry "ENG"]
[SourceTitle "Ajedrez en Madrid"]
[Source "lmi"]
[SourceDate "2017.01.24"]

1. d4 d6 2. e4 c6 3. Nc3 Nf6 4. g3 Qc7 5. Bg2 e5 6. Nge2 Be7 7. a4 O-O 8. O-O
Bg4 9. h3 Bh5 10. g4 Bg6 11. f4 exf4 12. Nxf4 Na6 13. g5 Nd7 14. h4 Qd8 15. h5
Bxg5 16. hxg6 hxg6 17. Qg4 Bf6 18. Nce2 Re8 19. c3 Nf8 20. Bd2 Nc7 21. Nh3 Nce6
22. Rf2 Qb6 23. b4 Rad8 24. Raf1 Rd7 25. Kh1 Qa6 26. a5 Qc4 27. Nef4 Rde7 28.
Qg3 Nc7 29. Qd3 Qb3 30. Rb1 Qa4 31. Rff1 Nce6 32. Ra1 Qb5 33. Qxb5 cxb5 34. Nd5
1-0

[Event "Gibraltar Chess Festival 2017 - Masters"]
[Site "Gibraltar ENG"]
[Date "2017.01.24"]
[Round "1.78"]
[White "Feldbacher, Harald"]
[Black "Ider, Borya"]
[Result "0-1"]
[WhiteElo "2050"]
[BlackElo "2463"]
[PlyCount "52"]
[EventDate "2017.01.24"]
[EventType "swiss"]
[EventRounds "10"]
[EventCountry "ENG"]
[SourceTitle "Ajedrez en Madrid"]
[Source "lmi"]
[SourceDate "2017.01.24"]

1. d4 e6 2. Nf3 c5 3. e3 Nc6 4. Bd3 Nf6 5. Nbd2 Qc7 6. c3 d5 7. O-O Bd6 8. dxc5
Bxc5 9. e4 O-O 10. Qc2 h6 11. a4 Bb6 12. b4 a5 13. b5 Ne7 14. e5 Nd7 15. Ba3
Nc5 16. Rac1 Rd8 17. Rfe1 Bd7 18. Nd4 Be8 19. N2f3 Rac8 20. Bf1 Ng6 21. g3 Ne4
22. Rxe4 dxe4 23. Qxe4 Bc5 24. Bxc5 Qxc5 25. h4 Qa3 26. Qc2 Nxe5 0-1

[Event "Gibraltar Chess Festival 2017 - Masters"]
[Site "Gibraltar ENG"]
[Date "2017.01.24"]
[Round "1.79"]
[White "Kantans, Toms"]
[Black "Carlsten, Peter"]
[Result "1-0"]
[WhiteElo "2456"]
[BlackElo "2047"]
[PlyCount "37"]
[EventDate "2017.01.24"]
[EventType "swiss"]
[EventRounds "10"]
[EventCountry "ENG"]
[SourceTitle "Ajedrez en Madrid"]
[Source "lmi"]
[SourceDate "2017.01.24"]

1. e4 d6 2. d4 Nf6 3. Nc3 e5 4. Nf3 Nbd7 5. Bc4 Be7 6. O-O O-O 7. Re1 c6 8. a4
b6 9. Ba2 a6 10. h3 Bb7 11. Nh4 g6 12. Bh6 Re8 13. Nf3 Nh5 14. dxe5 dxe5 15.
Qd3 Bf6 16. Rad1 Re7 17. Ng5 Nf4 18. Qd6 Bc8 19. Qxf6 1-0

[Event "Gibraltar Chess Festival 2017 - Masters"]
[Site "Gibraltar ENG"]
[Date "2017.01.24"]
[Round "1.80"]
[White "Berrocal Ruiz, Valentin"]
[Black "Javakhishvili, Lela"]
[Result "0-1"]
[WhiteElo "2042"]
[BlackElo "2455"]
[PlyCount "122"]
[EventDate "2017.01.24"]
[EventType "swiss"]
[EventRounds "10"]
[EventCountry "ENG"]
[SourceTitle "Ajedrez en Madrid"]
[Source "lmi"]
[SourceDate "2017.01.24"]

1. e4 c5 2. Na3 Nc6 3. Bb5 Qc7 4. Nf3 Nf6 5. d3 g6 6. O-O Bg7 7. c3 O-O 8. Bg5
d6 9. Qc1 Rd8 10. Re1 a6 11. Bxc6 Qxc6 12. Nc4 b5 13. Ne3 Be6 14. h3 Qb7 15.
Qd2 a5 16. Bxf6 Bxf6 17. Ng4 Bg7 18. Qf4 f6 19. d4 h5 20. Ngh2 Kh7 21. Qd2 Bh6
22. Qd1 Bf7 23. Nf1 cxd4 24. cxd4 e5 25. d5 f5 26. exf5 gxf5 27. Nh4 Qxd5 28.
Nxf5 Qxd1 29. Rexd1 Bf8 30. Nd2 Bg6 31. Nh4 Bc2 32. Re1 Rac8 33. Ne4 Bxe4 34.
Rxe4 Rc4 35. Rae1 Rdc8 36. b3 Rxe4 37. Rxe4 Rc1+ 38. Kh2 Rc2 39. a4 d5 40. Re1
bxa4 41. bxa4 e4 42. Rd1 Bd6+ 43. Kg1 Bc5 44. Rxd5 Bxf2+ 45. Kf1 Kh6 46. Nf5+
Kg6 47. g4 hxg4 48. hxg4 Bc5 49. Re5 Rc4 50. Ng3 e3 51. Re4 Rc2 52. Nf5 Rf2+
53. Ke1 Bb4+ 54. Kd1 Rd2+ 55. Kc1 e2 56. Nh4+ Kg7 57. Nf3 Rd1+ 58. Kc2 e1=Q 59.
Nxe1 Rxe1 60. Rf4 Re3 61. Rc4 Ra3 0-1

[Event "Gibraltar Chess Festival 2017 - Masters"]
[Site "Gibraltar ENG"]
[Date "2017.01.24"]
[Round "1.81"]
[White "Cramling, Pia"]
[Black "Fomani, Medhi"]
[Result "1-0"]
[WhiteElo "2454"]
[BlackElo "2042"]
[PlyCount "73"]
[EventDate "2017.01.24"]
[EventType "swiss"]
[EventRounds "10"]
[EventCountry "ENG"]
[SourceTitle "Ajedrez en Madrid"]
[Source "lmi"]
[SourceDate "2017.01.24"]

1. d4 c6 2. c4 d5 3. Nc3 Nf6 4. Nf3 e6 5. e3 Nbd7 6. Bd3 Bd6 7. O-O O-O 8. e4
dxe4 9. Nxe4 Nxe4 10. Bxe4 Nf6 11. Bc2 c5 12. Bg5 Be7 13. Qd3 g6 14. dxc5 Qxd3
15. Bxd3 Kg7 16. b4 Rd8 17. Bc2 Bd7 18. Rfd1 h6 19. Be3 Bc6 20. Ne5 Be4 21. Ba4
g5 22. f3 Bf5 23. g4 Bh7 24. Kg2 Ng8 25. c6 bxc6 26. Nxc6 Rd3 27. Rxd3 Bxd3 28.
Bb3 a6 29. Rd1 Bg6 30. Rd7 Bf6 31. c5 Kf8 32. Bd4 Bxd4 33. Rxd4 Ne7 34. Ne5 Rc8
35. Rd6 a5 36. b5 f6 37. Nd7+ 1-0

[Event "Gibraltar Chess Festival 2017 - Masters"]
[Site "Gibraltar ENG"]
[Date "2017.01.24"]
[Round "1.82"]
[White "Hamer, Martyn"]
[Black "Cheng, Bobby"]
[Result "0-1"]
[WhiteElo "2039"]
[BlackElo "2452"]
[PlyCount "42"]
[EventDate "2017.01.24"]
[EventType "swiss"]
[EventRounds "10"]
[EventCountry "ENG"]
[SourceTitle "Ajedrez en Madrid"]
[Source "lmi"]
[SourceDate "2017.01.24"]

1. d4 d5 2. c4 e6 3. Nc3 Be7 4. Nf3 Nf6 5. Bf4 O-O 6. e3 Nbd7 7. Qc2 c5 8. dxc5
Nxc5 9. O-O-O Qa5 10. Kb1 Bd7 11. g4 Rfc8 12. g5 Nfe4 13. Nxe4 Nxe4 14. Bd3 Ba4
15. b3 Nc3+ 16. Ka1 Nxd1 17. Rxd1 Be8 18. Bxh7+ Kh8 19. Be5 dxc4 20. bxc4 Ba4
21. Qe4 Bb3 0-1

[Event "Gibraltar Chess Festival 2017 - Masters"]
[Site "Gibraltar ENG"]
[Date "2017.01.24"]
[Round "1.83"]
[White "Khademalsharieh, Sarasadat"]
[Black "Skou, Niels"]
[Result "1-0"]
[WhiteElo "2452"]
[BlackElo "2025"]
[PlyCount "63"]
[EventDate "2017.01.24"]
[EventType "swiss"]
[EventRounds "10"]
[EventCountry "ENG"]
[SourceTitle "Ajedrez en Madrid"]
[Source "lmi"]
[SourceDate "2017.01.24"]

1. d4 Nf6 2. c4 e6 3. Nf3 Bb4+ 4. Nbd2 O-O 5. a3 Be7 6. e4 d5 7. e5 Nfd7 8. Bd3
c5 9. O-O Nc6 10. cxd5 exd5 11. Re1 a5 12. Bc2 cxd4 13. Nb3 Re8 14. Nbxd4 Nc5
15. Nxc6 bxc6 16. Nd4 Bd7 17. Be3 Rb8 18. Rb1 Qc8 19. f4 f6 20. Qh5 Ne4 21.
Bxe4 dxe4 22. exf6 Bxf6 23. Qxa5 Qb7 24. Qc5 Qa6 25. Red1 Bg4 26. Rd2 Bxd4 27.
Bxd4 Be2 28. Bxg7 Bd3 29. Qg5 Re6 30. Bf6+ Kf7 31. Qg7+ Ke8 32. Qg8+ 1-0

[Event "Gibraltar Chess Festival 2017 - Masters"]
[Site "Gibraltar ENG"]
[Date "2017.01.24"]
[Round "1.84"]
[White "Suez-Panama, Gilles"]
[Black "Kantor, Gergely"]
[Result "0-1"]
[WhiteElo "2010"]
[BlackElo "2448"]
[PlyCount "40"]
[EventDate "2017.01.24"]
[EventType "swiss"]
[EventRounds "10"]
[EventCountry "ENG"]
[SourceTitle "Ajedrez en Madrid"]
[Source "lmi"]
[SourceDate "2017.01.24"]

1. d4 d5 2. Nf3 Nf6 3. c4 c6 4. g3 dxc4 5. Bg2 g6 6. O-O Bg7 7. Ne5 Ng4 8. Na3
Nxe5 9. dxe5 Qxd1 10. Rxd1 c3 11. bxc3 Bxe5 12. Rd3 Bf5 13. e4 Be6 14. f4 Bd6
15. Rb1 Nd7 16. c4 Bc5+ 17. Kh1 O-O-O 18. Bb2 Nb6 19. Rxd8+ Rxd8 20. Rc1 Na4
0-1

[Event "Gibraltar Chess Festival 2017 - Masters"]
[Site "Gibraltar ENG"]
[Date "2017.01.24"]
[Round "1.85"]
[White "Zhukova, Natalia"]
[Black "Vilarnovo Caamano, Jose"]
[Result "1-0"]
[WhiteElo "2447"]
[BlackElo "2009"]
[PlyCount "52"]
[EventDate "2017.01.24"]
[EventType "swiss"]
[EventRounds "10"]
[EventCountry "ENG"]
[SourceTitle "Ajedrez en Madrid"]
[Source "lmi"]
[SourceDate "2017.01.24"]

1. d4 e6 2. c4 f5 3. Nc3 Nf6 4. Qc2 Bb4 5. e3 b6 6. Bd3 Bb7 7. f3 O-O 8. Nge2
Qe8 9. O-O Bxc3 10. Qxc3 a5 11. b3 Nc6 12. Bb2 Ne7 13. Rae1 Rc8 14. Qc2 Ng6 15.
Nc3 Nh4 16. e4 Qg6 17. d5 Nh5 18. f4 Qh6 19. g3 fxe4 20. Nxe4 Nf5 21. dxe6 Bxe4
22. Bxe4 Nfxg3 23. hxg3 Nxg3 24. Qg2 Nxf1 25. e7 Rfe8 26. Bd5+ Kh8 1-0

[Event "Gibraltar Chess Festival 2017 - Masters"]
[Site "Gibraltar ENG"]
[Date "2017.01.24"]
[Round "1.86"]
[White "Noordhoek, Henk"]
[Black "Zatonskih, Anna"]
[Result "0-1"]
[WhiteElo "2004"]
[BlackElo "2443"]
[PlyCount "104"]
[EventDate "2017.01.24"]
[EventType "swiss"]
[EventRounds "10"]
[EventCountry "ENG"]
[SourceTitle "Ajedrez en Madrid"]
[Source "lmi"]
[SourceDate "2017.01.24"]

1. g3 e5 2. Nf3 d6 3. d4 e4 4. Nfd2 d5 5. c4 c6 6. Nc3 Nf6 7. Bg2 Be7 8. O-O
O-O 9. Qb3 Na6 10. cxd5 cxd5 11. f3 exf3 12. Nxf3 b6 13. Bg5 Nc7 14. Ne5 Bb7
15. e3 h6 16. Bxf6 Bxf6 17. Nd3 Ba6 18. Rad1 Bc4 19. Qc2 Re8 20. Rfe1 Rc8 21.
Qd2 Bxd3 22. Qxd3 Qd7 23. Ne2 Re7 24. Nf4 Rce8 25. Rc1 Qd6 26. Kf2 Bg5 27. h4
Bxf4 28. exf4 Qb4 29. Rxe7 Rxe7 30. Qc2 Qb5 31. Re1 Rxe1 32. Kxe1 Qb4+ 33. Kf2
Qd6 34. Qb3 Kf8 35. Ke2 Ke7 36. Kd2 Kd8 37. Qa4 Qg6 38. Qb3 Kc8 39. Bh3+ Kb7
40. Qc3 Qd6 41. a3 g6 42. Qe3 f6 43. Qd3 g5 44. fxg5 fxg5 45. hxg5 hxg5 46. Qf5
Qd8 47. Bg2 Kb8 48. Qe5 Kb7 49. Qf5 a5 50. Bf3 Ka7 51. Qe5 Kb8 52. Be2 Qg8 0-1

[Event "Gibraltar Chess Festival 2017 - Masters"]
[Site "Gibraltar ENG"]
[Date "2017.01.24"]
[Round "1.87"]
[White "Womacka, Mathias"]
[Black "Byrn, Carsten"]
[Result "1-0"]
[WhiteElo "2435"]
[BlackElo "2003"]
[PlyCount "141"]
[EventDate "2017.01.24"]
[EventType "swiss"]
[EventRounds "10"]
[EventCountry "ENG"]
[SourceTitle "Ajedrez en Madrid"]
[Source "lmi"]
[SourceDate "2017.01.24"]

1. e4 c5 2. Nf3 e6 3. d4 cxd4 4. Nxd4 a6 5. Bd3 Nf6 6. O-O d5 7. Bg5 e5 8. Nf3
dxe4 9. Bxe4 Qxd1 10. Rxd1 Nbd7 11. Bf5 Nb6 12. Bxc8 Rxc8 13. Nxe5 Rxc2 14. Nd3
Be7 15. Na3 Bxa3 16. bxa3 O-O 17. Nb4 Rcc8 18. Bxf6 gxf6 19. Rab1 Rfd8 20. g3
Kg7 21. Rxd8 Rxd8 22. Nc2 Rd6 23. Ne3 Kg6 24. Rb4 f5 25. a4 Nd7 26. Rxb7 Nc5
27. Rb4 Rd2 28. Rc4 Ne4 29. Rc2 Rxc2 30. Nxc2 Nc3 31. a5 Nxa2 32. f4 Nc1 33.
Nd4 Nd3 34. Kf1 Nc5 35. Ke2 Nb7 36. Nb3 Kf6 37. Kd3 Ke6 38. Kd4 Kd6 39. Kc4 f6
40. h3 h6 41. Nd4 Nxa5+ 42. Kd3 h5 43. Nxf5+ Kd5 44. Ng7 h4 45. gxh4 Nc6 46. h5
Ne7 47. h6 Ng6 48. f5 Nh8 49. h7 Ke5 50. Kc4 Kf4 51. Kd5 a5 52. Ke6 Kg5 53. Ne8
a4 54. Nxf6 a3 55. Ne4+ Kh6 56. Nc3 Kxh7 57. Kf6 Kg8 58. h4 Kf8 59. h5 Nf7 60.
Na2 Nh6 61. Kg6 Ng8 62. h6 Ne7+ 63. Kf6 Ng8+ 64. Kg5 Nxh6 65. Kxh6 Kf7 66. Kg5
Kg7 67. f6+ Kf7 68. Kf5 Kf8 69. Ke6 Ke8 70. f7+ Kf8 71. Nc3 1-0

[Event "Gibraltar Chess Festival 2017 - Masters"]
[Site "Gibraltar ENG"]
[Date "2017.01.24"]
[Round "1.88"]
[White "Broekman, Willem"]
[Black "Khotenashvili, Bela"]
[Result "0-1"]
[WhiteElo "1997"]
[BlackElo "2430"]
[PlyCount "36"]
[EventDate "2017.01.24"]
[EventType "swiss"]
[EventRounds "10"]
[EventCountry "ENG"]
[SourceTitle "Ajedrez en Madrid"]
[Source "lmi"]
[SourceDate "2017.01.24"]

1. d4 Nf6 2. c4 g6 3. f3 c5 4. d5 Bg7 5. Nc3 d6 6. e4 a6 7. Bd3 e6 8. Nge2 exd5
9. exd5 O-O 10. O-O Nbd7 11. Bf4 Ne5 12. Bxe5 dxe5 13. Ng3 Ne8 14. Re1 f5 15.
Qc2 Nd6 16. Kh1 Bd7 17. a4 Qh4 18. Nd1 f4 0-1

[Event "Gibraltar Chess Festival 2017 - Masters"]
[Site "Gibraltar ENG"]
[Date "2017.01.24"]
[Round "1.89"]
[White "Sarkar, Justin"]
[Black "Amgalanbaatar, Ravdanlkhumbuu"]
[Result "1/2-1/2"]
[WhiteElo "2428"]
[BlackElo "1988"]
[PlyCount "126"]
[EventDate "2017.01.24"]
[EventType "swiss"]
[EventRounds "10"]
[EventCountry "ENG"]
[SourceTitle "Ajedrez en Madrid"]
[Source "lmi"]
[SourceDate "2017.01.24"]

1. d4 d6 2. c4 e5 3. Nc3 exd4 4. Qxd4 Nc6 5. Qd2 Be6 6. b3 Nf6 7. e4 g6 8. Bb2
Bg7 9. Nge2 O-O 10. g3 Qd7 11. Bg2 a5 12. O-O Bh3 13. f3 Bxg2 14. Kxg2 Ne5 15.
Nb5 Qe7 16. Nec3 Rad8 17. Rae1 Qd7 18. f4 Nc6 19. Re2 Rfe8 20. Rd1 Nb4 21. e5
Qc6+ 22. Kg1 Qb6+ 23. Kg2 Qc6+ 24. Kg1 Qb6+ 25. Kf1 Ng4 26. h3 Nh6 27. a3 Nf5
28. Kg2 Qc6+ 29. Kh2 Qf3 30. axb4 Qxg3+ 31. Kh1 Qxh3+ 32. Rh2 Qf3+ 33. Qg2
Qxg2+ 34. Rxg2 axb4 35. Nd5 c6 36. Nxd6 Nxd6 37. exd6 cxd5 38. Rxd5 Re6 39. c5
Re3 40. Bxg7 Kxg7 41. Ra2 Rxb3 42. Ra7 Rd7 43. c6 bxc6 44. Rxd7 cxd5 45. Rd8
Ra3 46. d7 Ra7 47. Rg8+ Kxg8 48. d8=Q+ Kg7 49. Qxd5 Ra6 50. Kg2 Re6 51. Qd4+
Kg8 52. Qxb4 h6 53. Kf3 Rf6 54. Qb8+ Kh7 55. Ke4 Rf5 56. Qf8 h5 57. Ke3 h4 58.
Kf3 h3 59. Kg3 h2 60. Kxh2 Rxf4 61. Kg3 Rf1 62. Qe7 Kg7 63. Qe5+ Kg8 1/2-1/2

[Event "Gibraltar Chess Festival 2017 - Masters"]
[Site "Gibraltar ENG"]
[Date "2017.01.24"]
[Round "1.90"]
[White "Burke, Mitchell R"]
[Black "Wemmers, Xander"]
[Result "0-1"]
[WhiteElo "1975"]
[BlackElo "2424"]
[PlyCount "86"]
[EventDate "2017.01.24"]
[EventType "swiss"]
[EventRounds "10"]
[EventCountry "ENG"]
[SourceTitle "Ajedrez en Madrid"]
[Source "lmi"]
[SourceDate "2017.01.24"]

1. e4 e5 2. Nf3 Nc6 3. Bb5 a6 4. Bxc6 dxc6 5. O-O Qf6 6. d4 exd4 7. Bg5 Qd6 8.
Qxd4 f6 9. Be3 Qxd4 10. Nxd4 Bd7 11. Nc3 O-O-O 12. Rad1 Re8 13. Rd2 Bb4 14.
Nde2 g5 15. f3 Ne7 16. a3 Bd6 17. Rfd1 Ng6 18. Bf2 Ne5 19. Rb1 g4 20. f4 Nc4
21. Rd3 b5 22. Bh4 Rhf8 23. f5 a5 24. Bg3 Ne5 25. Rdd1 b4 26. axb4 axb4 27. Na4
c5 28. Bxe5 Rxe5 29. Nb6+ cxb6 30. Rxd6 Kc7 31. Rbd1 Bxf5 32. exf5 Rxe2 33.
Rd7+ Kc6 34. R1d6+ Kb5 35. Rb7 Ra8 36. Rbxb6+ Kc4 37. Ra6 Rxa6 38. Rxa6 Rxc2
39. Rxf6 Rxb2 40. Re6 Ra2 41. f6 Ra8 42. Kf2 b3 43. f7 Rf8 0-1

[Event "Gibraltar Chess Festival 2017 - Masters"]
[Site "Gibraltar ENG"]
[Date "2017.01.24"]
[Round "1.91"]
[White "Sundararajan, Kidambi"]
[Black "Press, Shaun"]
[Result "1-0"]
[WhiteElo "2420"]
[BlackElo "1970"]
[PlyCount "49"]
[EventDate "2017.01.24"]
[EventType "swiss"]
[EventRounds "10"]
[EventCountry "ENG"]
[SourceTitle "Ajedrez en Madrid"]
[Source "lmi"]
[SourceDate "2017.01.24"]

1. d4 d5 2. c4 dxc4 3. e3 e6 4. Bxc4 Nf6 5. Nf3 a6 6. O-O b5 7. Bd3 Bb7 8. a4
b4 9. Nbd2 c5 10. e4 cxd4 11. e5 Nfd7 12. Nc4 Nc6 13. Bg5 f6 14. exf6 gxf6 15.
Bh4 Be7 16. Be4 e5 17. Nxd4 exd4 18. Qh5+ Kf8 19. Qh6+ Ke8 20. Rfe1 Nde5 21.
Nxe5 fxe5 22. Bxc6+ Bxc6 23. Rxe5 Ra7 24. Qxc6+ Kf7 25. Qf3+ 1-0

[Event "Gibraltar Chess Festival 2017 - Masters"]
[Site "Gibraltar ENG"]
[Date "2017.01.24"]
[Round "1.92"]
[White "Odeh, Kenneth"]
[Black "Karavade, Eesha"]
[Result "0-1"]
[WhiteElo "1969"]
[BlackElo "2418"]
[PlyCount "86"]
[EventDate "2017.01.24"]
[EventType "swiss"]
[EventRounds "10"]
[EventCountry "ENG"]
[SourceTitle "Ajedrez en Madrid"]
[Source "lmi"]
[SourceDate "2017.01.24"]

1. e4 c5 2. Nc3 d6 3. g3 Nc6 4. Bg2 g6 5. d3 Bg7 6. Be3 e5 7. Qd2 Be6 8. Nd1
Qd7 9. f4 exf4 10. gxf4 Nge7 11. c3 b6 12. d4 cxd4 13. cxd4 d5 14. e5 O-O 15.
h4 f6 16. h5 Nf5 17. hxg6 hxg6 18. Nf2 Rac8 19. Ng4 Ng3 20. Nh6+ Bxh6 21. Rxh6
Bf5 22. Bf3 Kg7 23. Qh2 Nh5 24. Rxh5 gxh5 25. Qg2+ Kh8 26. Bxd5 Nb4 27. Bb3
Nc2+ 28. Bxc2 Rxc2 29. Qf3 Qh7 30. Rc1 Bg4 31. Qd5 Rxc1+ 32. Bxc1 Rc8 33. Bd2
Qb1+ 34. Kf2 Qxb2 35. Ke3 Qa3+ 36. Qb3 Qxb3+ 37. axb3 Kg7 38. d5 fxe5 39. fxe5
Kg6 40. Nf3 Bxf3 41. Kxf3 Kf5 42. Bf4 Rc3+ 43. Kf2 Kxf4 0-1

[Event "Gibraltar Chess Festival 2017 - Masters"]
[Site "Gibraltar ENG"]
[Date "2017.01.24"]
[Round "1.93"]
[White "Kuipers, Stefan"]
[Black "Gillis Onieva, Celia"]
[Result "1-0"]
[WhiteElo "2414"]
[BlackElo "1966"]
[PlyCount "56"]
[EventDate "2017.01.24"]
[EventType "swiss"]
[EventRounds "10"]
[EventCountry "ENG"]
[SourceTitle "Ajedrez en Madrid"]
[Source "lmi"]
[SourceDate "2017.01.24"]

1. e4 c5 2. Nf3 Nc6 3. Bb5 g6 4. Bxc6 dxc6 5. d3 Bg7 6. h3 b6 7. a4 e5 8. a5
Be6 9. Be3 Ne7 10. Qd2 h6 11. O-O f5 12. Qc3 O-O 13. axb6 axb6 14. Rxa8 Qxa8
15. b4 f4 16. Bc1 cxb4 17. Qxb4 Qd8 18. Bb2 c5 19. Qb5 Qc7 20. Nbd2 Nc6 21. Rb1
Ra8 22. Bc3 Nd4 23. Bxd4 cxd4 24. Nc4 Bxc4 25. dxc4 Qc5 26. Qd7 Qxc4 27. Rxb6
Qf7 28. Qc6 Kh7 1-0